|
|
|
|
| LEADER |
00000nab a2200000 a 4500 |
| 001 |
vtls001562533 |
| 003 |
SK-MaSNL |
| 005 |
20260304013307.0 |
| 008 |
160314c2004 xo mr|p|||||||000 b|slo |
| 015 |
|
|
|a SNBRB2005/04
|2 snkbucl
|
| 038 |
|
|
|a SNKBUCL
|
| 040 |
|
|
|a SNKBUCL
|b slo
|c SNKBUC L
|e AACR2
|
| 041 |
1 |
|
|a slo
|h fre
|
| 044 |
|
|
|a xo
|c SK
|
| 080 |
|
|
|a 821.133.1-1
|2 1997
|
| 100 |
1 |
|
|a Baudelaire, Charles,
|d 1821-1867
|4 aut
|9 119527
|
| 245 |
1 |
0 |
|a Obloky
|c Charles Baudelaire ; preložil Pavel Bunčák
|
| 655 |
|
7 |
|a francúzska poézia
|2 snkbucl
|9 70610
|
| 655 |
|
7 |
|a poézia v próze
|2 snkbucl
|9 285094
|
| 700 |
1 |
|
|a Bunčák, Pavel,
|d 1915-2000
|4 trl
|9 103653
|
| 773 |
0 |
|
|t Fragment
|g Roč. XVIII, č. 3-4 (2004), s. 136
|x 1336-4316
|
| 852 |
|
|
|a SNK
|b KIS3GCP
|
| 958 |
|
|
|a FR
|
| 958 |
|
|
|a LX
|
| 999 |
|
|
|c 2575200
|d 2577130
|